WYMIEŃ IMOINA MĘSKIE KOŃCZĄCE SIĘ NA -USZ: - Statystyki

Ogólne statystyki
  • Ten quiz został rozwiązany 567 razy
    185 od ostatniego zresetowania
  • Średni wynik to 5 z 16
Statystyki odpowiedzi
Odpowiedź % Poprawnych
Mateusz
82%
Mariusz
75%
Janusz
66%
Dariusz
63%
Tadeusz
49%
Arkadiusz
35%
Tymoteusz
29%
Ireneusz
25%
Amadeusz
23%
Korneliusz
18%
Remigiusz
15%
Sergiusz
15%
Euzebiusz
10%
Bogusz
9%
Wirgiliusz
8%
Wirgiliusz
8%
Nie znaleziono quizów pasujących do podanych kryteriów
Rozkład punktacji
Procent ludzi z każdym wynikiem
Percentyl według liczby udzielonych odpowiedzi
Twoja historia wyników
Nie rozwiązałeś tego quizu od ostatniego zresetowania